01631nam a2200433 i 450000100060000000300080000600500170001400600190003100700150005000800410006502000180010603500230012403500240014703500250017103500210019604000310021705000220024808000080027008200150027810000250029324500930031826400540041130000410046533600310050633700330053733800430057050000230061350400290063658801290066559001590079465000300095365000350098365000220101865000320104065500270107279700190109985600620111899900170118031726FlNmELB20241216220701.0m o d | cr cnu||||||||160906s2016 sp ob 001 0 spa d z9788416482252 a(MiAaPQ)EBC4569774 a(Au-PeEL)EBL4569774 a(CaPaEBR)ebr11231006 a(OCoLC)984802170 aFINmELBbspaerdacFINmELB 4aHF5429bA681 2016 a6580 a658.872231 aArenal Laza, Carmen.10aDinamización del punto de venta en el pequeño comercio UF2383 /cCarmen Arenal Laza. 1aLogroño :bEditorial Tutor Formación,c[2016] a1 recurso en línea (204 páginas) atextobtxt2rdacontent/spa acomputadorabc2rdamedia/spa arecurso en líneabcr2rdacarrier/spa aContiene índice. aContiene bibliografía. aDescripción basada en recurso en línea; Título de la página del título en PDF (e-libro, visto September 06, 2016). aRecurso electronico. Santa Fe, Arg. : e-libro, 2016. Disponible via World Wide Web. El acceso puede ser limitado para las bibliotecas afiliadas a e-libro. 0aRetail tradexManagement. 4aComercio minoristaxGestión. 0aSales management. 4aAdministración de ventas. 4aLibros electrónicos.2 ae-libro, Corp.40uhttps://elibro.net/ereader/politecnicointernacional/44217 c31726d31726